[Event "Reykjavik Open"]
[Site "Reykjavik ISL"]
[Date "2017.04.20"]
[EventDate "2017.04.19"]
[Round "2.46"]
[Result "1/2-1/2"]
[White "Julius Fridjonsson"]
[Black "James Tarjan"]
[WhiteElo "2126"]
[BlackElo "2414"]
[PlyCount "112"]

1. c4 e5 2. Nc3 Nf6 3. Nf3 Nc6 4. g3 d5 5. cxd5 Nxd5 6. Bg2
Nb6 7. O-O Be7 8. d3 O-O 9. a3 Be6 10. b4 f6 11. Be3 a5 12. b5
Nd4 13. Nd2 c6 14. bxc6 bxc6 15. Re1 a4 16. Qc1 f5 17. Rb1 Rc8
18. Qb2 Rb8 19. Qc1 Qd6 20. f4 Nb3 21. fxe5 Qxe5 22. Nf3 Qa5
23. Qc2 h6 24. Kh1 Bxa3 25. Nd4 Nxd4 26. Bxd4 Bb4 27. Bxb6
Rxb6 28. Nxa4 Ra6 29. Rec1 Qxa4 30. Qxa4 Rxa4 31. Bxc6 Ra2
32. Rxb4 Rc8 33. Rb6 Rxe2 34. Kg1 Kh7 35. Rf1 Rd8 36. Bb5 Rd4
37. Rf2 Re1+ 38. Rf1 Re5 39. Rf4 Rxf4 40. gxf4 Re1+ 41. Kf2
Rb1 42. Rxe6 Rxb5 43. Ke3 g5 44. Re5 gxf4+ 45. Kxf4 Rb2
46. Kxf5 Rxh2 47. d4 Kg7 48. Ke6 Ra2 49. d5 Kf8 50. Rh5 Re2+
51. Kd7 Re7+ 52. Kc6 Ra7 53. d6 Ke8 54. Rxh6 Ra6+ 55. Kc7 Ra7+
56. Kc6 Ra6+ 1/2-1/2

[Event "Reykjavik Open"]
[Site "Reykjavik ISL"]
[Date "2017.04.20"]
[EventDate "2017.04.19"]
[Round "2.47"]
[Result "1/2-1/2"]
[White "Jukka Johansson"]
[Black "Eesha Karavade"]
[WhiteElo "2122"]
[BlackElo "2405"]
[PlyCount "38"]

1. d4 Nf6 2. c4 e6 3. Nf3 d5 4. Bf4 Bb4+ 5. Nbd2 O-O 6. e3 b6
7. Bd3 dxc4 8. Bxc4 Bb7 9. O-O Nbd7 10. Rc1 c5 11. a3 Bxd2
12. Qxd2 Ne4 13. Qd3 Qe7 14. Rfd1 Rfd8 15. Bc7 Rdc8 16. Bf4
Rd8 17. Bc7 Rdc8 18. Bf4 Rd8 19. Bc7 Rdc8 1/2-1/2

[Event "Reykjavik Open"]
[Site "Reykjavik ISL"]
[Date "2017.04.20"]
[EventDate "2017.04.19"]
[Round "2.48"]
[Result "1-0"]
[White "Tuvshintugs Batchimeg"]
[Black "Johann Ingvason"]
[WhiteElo "2394"]
[BlackElo "2121"]
[PlyCount "131"]

1. d4 d5 2. c4 c6 3. Nf3 Nf6 4. Nc3 a6 5. a4 e6 6. e3 Nbd7
7. Bd3 Bd6 8. O-O O-O 9. e4 dxc4 10. Bxc4 e5 11. Be3 Ng4
12. h3 Nxe3 13. fxe3 c5 14. dxe5 Bxe5 15. Bxf7+ Rxf7 16. Nxe5
Rxf1+ 17. Kxf1 Qf6+ 18. Nf3 Nb6 19. e5 Qe7 20. Kf2 Be6 21. a5
Rd8 22. Qc2 Nd7 23. Rd1 c4 24. Ne4 Rf8 25. Kg1 h6 26. Qe2 Qb4
27. Rd6 Bf5 28. Rd4 Bxe4 29. Rxe4 b5 30. axb6 Nxb6 31. e6 Qa4
32. Ne5 Qa2 33. Rf4 Re8 34. Nxc4 Rxe6 35. Qg4 Qb1+ 36. Kh2 Rg6
37. Qe2 Nd5 38. Rd4 Qf5 39. Qd2 Nf6 40. Rf4 Qd5 41. Qc2 Rg5
42. Rd4 Qc6 43. Rd8+ Ne8 44. Kg1 Rg6 45. b3 Qe6 46. Qd3 Kh7
47. e4 Nf6 48. e5 Nh5 49. Qf3 Qe7 50. Rd6 Qg5 51. Rxg6 Qxg6
52. Kh2 Qg5 53. g4 Qf4+ 54. Kg2 Qg5 55. Qe4+ Kg8 56. Kf3 Qh4
57. gxh5 Qxh3+ 58. Kf2 Qh2+ 59. Ke3 Qxh5 60. e6 Qc5+ 61. Kd3
Qe7 62. Qa8+ Kh7 63. Qe4+ Kg8 64. Qd5 g6 65. Ne5 Kg7 66. Qd7
1-0

[Event "Reykjavik Open"]
[Site "Reykjavik ISL"]
[Date "2017.04.20"]
[EventDate "2017.04.19"]
[Round "2.49"]
[Result "1/2-1/2"]
[White "Martin Bottema"]
[Black "Jakob Pfreundt"]
[WhiteElo "2114"]
[BlackElo "2392"]
[PlyCount "69"]

1. d4 d5 2. c4 e6 3. Nc3 Be7 4. Nf3 Nf6 5. Bf4 O-O 6. Rc1 Nbd7
7. cxd5 exd5 8. e3 c6 9. Bd3 Re8 10. O-O Nf8 11. h3 Ng6
12. Bh2 Bd6 13. Bxd6 Qxd6 14. Qc2 Be6 15. a3 Rac8 16. Rb1 Ne7
17. b4 g6 18. Na4 Bf5 19. Nc5 b6 20. Na4 Rc7 21. Rbc1 Rec8
22. Nc3 Qe6 23. Rfe1 Bxd3 24. Qxd3 Ne4 25. Nd2 f5 26. Nf3 Nd6
27. Ne5 c5 28. bxc5 bxc5 29. dxc5 Qxe5 30. f4 Qe6 31. cxd6
Qxd6 32. Nb5 Qa6 33. Rxc7 Rxc7 34. Rd1 Rc5 35. Nd4 1/2-1/2

[Event "Reykjavik Open"]
[Site "Reykjavik ISL"]
[Date "2017.04.20"]
[EventDate "2017.04.19"]
[Round "2.50"]
[Result "1/2-1/2"]
[White "Bragi Halldorsson"]
[Black "Mark Timmermans"]
[WhiteElo "2110"]
[BlackElo "2385"]
[PlyCount "84"]

1. d4 Nf6 2. Nf3 b5 3. g3 Bb7 4. Bg2 e6 5. O-O c5 6. b3 Be7
7. Bb2 O-O 8. Nbd2 d5 9. c4 b4 10. dxc5 Bxc5 11. cxd5 Bxd5
12. Rc1 Nbd7 13. Ne5 Bxg2 14. Kxg2 Nxe5 15. Rxc5 Ned7 16. Rc4
Qb6 17. Nf3 a5 18. Qc2 Qb7 19. Rc1 Nb6 20. Rc7 Qe4 21. Bxf6
Qxc2 22. R1xc2 gxf6 23. e4 Rfc8 24. Nd4 Rxc7 25. Rxc7 Nc8
26. Kf3 Kf8 27. Nc6 Nd6 28. e5 fxe5 29. Nxe5 a4 30. Rd7 axb3
31. axb3 Ra6 32. Rd8+ Kg7 33. Rb8 Ra5 34. Nd3 Nf5 35. Rxb4 Ra2
36. g4 Rd2 37. gxf5 Rxd3+ 38. Ke2 Rh3 39. fxe6 fxe6 40. Rg4+
Kf6 41. Rg3 Rxh2 42. b4 Ke5 1/2-1/2

[Event "Reykjavik Open"]
[Site "Reykjavik ISL"]
[Date "2017.04.20"]
[EventDate "2017.04.19"]
[Round "2.51"]
[Result "1/2-1/2"]
[White "John C Pigott"]
[Black "Martin P Burrows"]
[WhiteElo "2381"]
[BlackElo "2113"]
[PlyCount "94"]

1. e4 c5 2. Nf3 d6 3. d4 cxd4 4. Nxd4 Nf6 5. Nc3 a6 6. Bg5 e6
7. f4 Nc6 8. Nxc6 bxc6 9. e5 h6 10. Bh4 g5 11. fxg5 Nd5
12. Ne4 Qb6 13. c3 hxg5 14. Bxg5 Qxb2 15. Rb1 Qa3 16. exd6 Bg7
17. Rb3 Qa5 18. Qd2 f5 19. c4 Qxd2+ 20. Nxd2 Nc3 21. c5 a5
22. a3 a4 23. Rb6 Bd7 24. Rb7 Bd4 25. Nf3 Bxc5 26. Ne5 Rh7
27. Be7 Rxe7 28. dxe7 Bc8 29. Rb2 Bxa3 30. Rc2 Bd6 31. Rxc3
Bxe5 32. Rc2 a3 33. Bc4 Kxe7 34. Ba2 Kd6 35. h4 Ba6 36. Rh3
Bb5 37. Re3 Ra4 38. Rd2+ Bd4 39. Rxe6+ Kc7 40. Rc2 Bb2 41. h5
Rf4 42. h6 Rf1+ 43. Kd2 Rf2+ 44. Kd1 Ba4 45. Rxc6+ Kd7
46. Rc7+ Kd6 47. Rc6+ Kd7 1/2-1/2

[Event "Reykjavik Open"]
[Site "Reykjavik ISL"]
[Date "2017.04.20"]
[EventDate "2017.04.19"]
[Round "2.52"]
[Result "1/2-1/2"]
[White "Gerald A Larson"]
[Black "Lance Henderson de La Fuente"]
[WhiteElo "2104"]
[BlackElo "2372"]
[PlyCount "104"]

1. e4 c5 2. Nf3 e6 3. d4 cxd4 4. Nxd4 Nc6 5. Nc3 Qc7 6. Be2 a6
7. a3 Nf6 8. O-O Nxd4 9. Qxd4 Bd6 10. h3 Be5 11. Qe3 b5 12. a4
b4 13. Na2 a5 14. Bd3 Bb7 15. Bd2 Bxb2 16. Rab1 Be5 17. c3 b3
18. Nc1 Bxc3 19. Bxc3 Qxc3 20. Rxb3 Qc7 21. Ne2 O-O 22. Rc1
Bc6 23. Nd4 e5 24. Nf5 Qd8 25. Qc5 Nxe4 26. Bxe4 Bxe4 27. Qxe5
Bxf5 28. Qxf5 Qe7 29. Rb7 Qa3 30. Rcc7 Qxa4 31. Rxd7 Qa1+
32. Kh2 Qa2 33. Qf3 Rac8 34. Ra7 h6 35. Qf5 a4 36. Rxf7 Rxf7
37. Qxc8+ Kh7 38. Rxf7 Qxf7 39. Qc2+ Kh8 40. Qxa4 Qxf2
41. Qe8+ Kh7 42. Qe4+ Kg8 43. Qe8+ Qf8 44. Qxf8+ Kxf8 45. Kg3
Kf7 46. Kf4 Kf6 47. g4 g5+ 48. Ke4 Ke6 49. Kd4 Kd6 50. Ke4 Ke6
51. Kd4 Kd6 52. Ke4 Ke6 1/2-1/2

[Event "Reykjavik Open"]
[Site "Reykjavik ISL"]
[Date "2017.04.20"]
[EventDate "2017.04.19"]
[Round "2.56"]
[Result "0-1"]
[White "Jon I Horni Nielsen"]
[Black "Soumya Swaminathan"]
[WhiteElo "1454"]
[BlackElo "2349"]
[PlyCount "90"]

1. e4 c5 2. Nf3 Nc6 3. d4 cxd4 4. Nxd4 Nf6 5. Nc3 d6 6. Be3 e5
7. Nb3 Be7 8. f3 O-O 9. Qd2 a5 10. Nd5 Nxd5 11. exd5 Nb8
12. Bd3 a4 13. Nc1 f5 14. c4 Bh4+ 15. Bf2 Bxf2+ 16. Qxf2 e4
17. Be2 Qa5+ 18. Kd1 Na6 19. a3 Bd7 20. Na2 Nc5 21. Nc3 Rae8
22. Kc2 e3 23. Qg3 f4 24. Qe1 Bf5+ 25. Ne4 Qxe1 26. Rhxe1 Nxe4
27. fxe4 Bxe4+ 28. Kc3 Bxg2 29. Bg4 Re5 30. Kd4 b6 31. Rac1 f3
32. Rxe3 Rf4+ 33. Kd3 Rxe3+ 34. Kxe3 Rxg4 35. Rc2 g5 36. Kf2
Re4 37. Kg3 h5 38. Kf2 h4 39. Kg1 Re2 40. Rxe2 fxe2 41. Kf2
Bf3 42. h3 g4 43. hxg4 Bxg4 44. Ke1 h3 45. Kf2 h2 0-1

[Event "Reykjavik Open"]
[Site "Reykjavik ISL"]
[Date "2017.04.20"]
[EventDate "2017.04.19"]
[Round "2.59"]
[Result "1-0"]
[White "Bjorn Thorfinnsson"]
[Black "Jim Murray"]
[WhiteElo "2413"]
[BlackElo "1896"]
[PlyCount "93"]

1. d4 Nf6 2. Nf3 g6 3. Bg5 Bg7 4. e3 O-O 5. Bd3 d5 6. Nbd2
Nbd7 7. c3 c5 8. Qc2 c4 9. Be2 b5 10. a4 Qb6 11. axb5 Qxb5
12. b3 cxb3 13. Nxb3 Qb6 14. O-O Qd8 15. Ra5 Bb7 16. Rfa1 a6
17. R5a3 Ra7 18. Nfd2 Qa8 19. Na5 Bc6 20. Nxc6 Qxc6 21. Rxa6
Rxa6 22. Rxa6 Qb7 23. Qa2 Rb8 24. Bf4 Rc8 25. c4 dxc4 26. Bxc4
e6 27. h3 Nd5 28. Bxd5 exd5 29. Rd6 Nf6 30. Kh2 Ra8 31. Qb3
Qc8 32. Rb6 Nh5 33. Qxd5 Nxf4 34. exf4 Ra4 35. Nf3 Qc7 36. Qd6
Qxd6 37. Rxd6 Kf8 38. Ne5 f6 39. Nc6 Rc4 40. g3 f5 41. d5 Bd4
42. Rd8+ Kf7 43. Kg2 Kg7 44. Rd7+ Kg8 45. Rc7 Bc5 46. Ne5 Rc2
47. Nd3 1-0

[Event "Reykjavik Open"]
[Site "Reykjavik ISL"]
[Date "2017.04.20"]
[EventDate "2017.04.19"]
[Round "2.60"]
[Result "1-0"]
[White "Frank Buchenau"]
[Black "Nansy Davidsdottir"]
[WhiteElo "2275"]
[BlackElo "1864"]
[PlyCount "113"]

1. e4 c5 2. Nf3 e6 3. b3 d5 4. Bb5+ Bd7 5. Bxd7+ Qxd7 6. exd5
Qxd5 7. Nc3 Qc6 8. O-O Nf6 9. Bb2 Be7 10. d4 O-O 11. Qe2 Nbd7
12. Rad1 Rfe8 13. Rfe1 Rad8 14. Na4 a6 15. c4 cxd4 16. Nxd4
Qc7 17. Nc3 Qf4 18. g3 Qc7 19. Rd2 Nb6 20. Red1 Qc5 21. Nc2
Qc7 22. Ne4 Nxe4 23. Qxe4 Nd7 24. Ne3 Nf6 25. Qf3 Rxd2
26. Rxd2 Qa5 27. Qe2 Rd8 28. Rxd8+ Qxd8 29. Qf3 Qd7 30. Qf4
Bd6 31. Qd4 Be7 32. Qa7 h6 33. Qb8+ Kh7 34. Be5 Ne4 35. g4 Bh4
36. Bg3 Bg5 37. Qe5 Nd2 38. Qd6 Qxd6 39. Bxd6 Ne4 40. Be5 Bh4
41. Nd1 f5 42. f3 Ng5 43. Kg2 fxg4 44. fxg4 Nf7 45. Bf4 Bf6
46. Be3 Nd6 47. Kf3 Kg6 48. Nf2 Bc3 49. Nd3 e5 50. Nc5 Kf6
51. Na4 e4+ 52. Ke2 Be5 53. h3 b5 54. cxb5 axb5 55. Nc5 Bc3
56. Bf4 Ke7 57. Bxd6+ 1-0

[Event "Reykjavik Open"]
[Site "Reykjavik ISL"]
[Date "2017.04.20"]
[EventDate "2017.04.19"]
[Round "2.61"]
[Result "1/2-1/2"]
[White "Patrick Daly"]
[Black "Markus Kauch"]
[WhiteElo "1804"]
[BlackElo "2193"]
[PlyCount "55"]

1. d4 f5 2. Bg5 g6 3. Nf3 Bg7 4. e3 Nf6 5. Bc4 d5 6. Bb3 c6
7. O-O Nbd7 8. Nbd2 O-O 9. c4 Kh8 10. Rc1 e6 11. Ne5 Qe8
12. Bf4 h6 13. Ndf3 g5 14. Nxd7 Qxd7 15. Be5 Ne4 16. Bxg7+
Qxg7 17. Ne5 Bd7 18. cxd5 exd5 19. Bc2 Be6 20. Bxe4 dxe4
21. b3 Bd5 22. Qh5 Kh7 23. Rc2 a5 24. Nc4 Qc7 25. Ne5 Qd6
26. Nc4 Qc7 27. Ne5 Qd6 28. Nc4 1/2-1/2

[Event "Reykjavik Open"]
[Site "Reykjavik ISL"]
[Date "2017.04.20"]
[EventDate "2017.04.19"]
[Round "2.62"]
[Result "1/2-1/2"]
[White "John A Kvamme"]
[Black "John Ontiveros"]
[WhiteElo "2151"]
[BlackElo "1741"]
[PlyCount "72"]

1. Nf3 d5 2. g3 e6 3. Bg2 Nf6 4. O-O Be7 5. c4 c6 6. b3 O-O
7. Bb2 Nbd7 8. d3 b6 9. Nc3 Bb7 10. Qc2 Rc8 11. e4 dxe4
12. dxe4 Qc7 13. Rad1 Rfd8 14. e5 Ng4 15. Ne4 Nc5 16. Nd6 Bxd6
17. exd6 Rxd6 18. Ng5 f5 19. h3 Rxd1 20. Rxd1 Nf6 21. b4 h6
22. Nf3 Nce4 23. Nd4 Qe7 24. c5 bxc5 25. bxc5 Qxc5 26. Qb3 Qe7
27. Nxf5 Qf7 28. Nd6 Nxd6 29. Rxd6 Nd5 30. Be5 Rf8 31. Qc2 Qf5
32. Qe2 Qb1+ 33. Kh2 Qf5 34. Rd7 Rf7 35. Rd8+ Rf8 36. Rd7 Rf7
1/2-1/2

[Event "Reykjavik Open"]
[Site "Reykjavik ISL"]
[Date "2017.04.20"]
[EventDate "2017.04.19"]
[Round "2.65"]
[Result "0-1"]
[White "Birkir Isak Johannsson"]
[Black "Dawid Kolka"]
[WhiteElo "1567"]
[BlackElo "1931"]
[PlyCount "132"]

1. d4 d5 2. c4 c6 3. Nf3 Nf6 4. e3 e6 5. b3 Bb4+ 6. Nbd2 Ne4
7. Qc2 Nd7 8. Bd3 f5 9. a3 Bd6 10. Bb2 Ndf6 11. b4 O-O 12. O-O
Bd7 13. c5 Bc7 14. a4 Qe8 15. Ne5 Bxe5 16. dxe5 Ng4 17. Nf3
Qh5 18. h3 Nh6 19. Qe2 g5 20. Nh2 Qg6 21. Bxe4 dxe4 22. Rad1
Rf7 23. Rd4 Raf8 24. Rfd1 Bc8 25. Rd8 f4 26. Rxf8+ Rxf8
27. exf4 gxf4 28. Ng4 f3 29. Nxh6+ Kh8 30. Qf1 Qxh6 31. Bc1
Qh5 32. g3 Qxe5 33. Be3 Qh5 34. Kh2 e5 35. Rd6 Qf7 36. a5 Re8
37. Bh6 Be6 38. Be3 h5 39. h4 Re7 40. Qd1 Qf5 41. Qf1 Rd7
42. Rxd7 Bxd7 43. Bg5 Qe6 44. Be3 Kg7 45. Bd2 Kf7 46. Be3 a6
47. Bg5 Qd5 48. Be3 Bf5 49. Qe1 Qd3 50. Qa1 Qd5 51. Qe1 Bd7
52. Qa1 Be6 53. Qb1 Qc4 54. Qe1 Qd3 55. Qa1 Kf6 56. Qc1 Qe2
57. Qb1 Kf5 58. Kh1 Bb3 59. Qg1 Bd1 60. Kh2 Kg4 61. Kh1 Qd3
62. Kh2 Kf5 63. Kh1 Be2 64. Kh2 Bf1 65. Kh1 Bg2+ 66. Kh2 Kg6
0-1

[Event "Reykjavik Open"]
[Site "Reykjavik ISL"]
[Date "2017.04.20"]
[EventDate "2017.04.19"]
[Round "2.68"]
[Result "1/2-1/2"]
[White "Gerd Meier"]
[Black "Gauti Pall Jonsson"]
[WhiteElo "1779"]
[BlackElo "2087"]
[PlyCount "83"]

1. e4 c5 2. Nf3 e6 3. d4 cxd4 4. Nxd4 a6 5. c4 Nf6 6. Bd3 Nc6
7. Nxc6 dxc6 8. O-O e5 9. h3 Bc5 10. a3 O-O 11. Qe2 a5 12. Nc3
Be6 13. Be3 Qe7 14. Rfd1 Rfd8 15. Bxc5 Qxc5 16. Qe3 Qxe3
17. fxe3 a4 18. Kf2 Nd7 19. Be2 Nc5 20. Ke1 f6 21. Rxd8+ Rxd8
22. Rd1 Rxd1+ 23. Kxd1 Kf7 24. Ke1 Ke7 25. Kd2 Kd6 26. h4 Kc7
27. g3 Kb6 28. Kc2 Ka5 29. Kd2 Bh3 30. Bf3 Bf1 31. Be2 Bg2
32. Bd3 Nxd3 33. Kxd3 Bf1+ 34. Ne2 h5 35. Kd2 Bxe2 36. Kxe2
Kb6 37. Kd3 Kc5 38. Kc3 g6 39. b3 axb3 40. Kxb3 f5 41. exf5
gxf5 42. Kc3 1/2-1/2

[Event "Reykjavik Open"]
[Site "Reykjavik ISL"]
[Date "2017.04.20"]
[EventDate "2017.04.19"]
[Round "2.69"]
[Result "1/2-1/2"]
[White "Atli Johann Leosson"]
[Black "Anders Persson"]
[WhiteElo "1773"]
[BlackElo "2078"]
[PlyCount "78"]

1. e4 c5 2. Nf3 d6 3. Bb5+ Bd7 4. Bxd7+ Nxd7 5. O-O Ngf6
6. Re1 e6 7. d4 cxd4 8. Qxd4 Be7 9. c4 O-O 10. Nc3 Rc8 11. b3
a6 12. Bb2 Re8 13. Rad1 Qc7 14. Ne2 d5 15. Qe3 Ng4 16. Qd2 b5
17. cxb5 Ndf6 18. Ng3 e5 19. h3 Red8 20. Qe2 dxe4 21. Rxd8+
Qxd8 22. hxg4 exf3 23. gxf3 axb5 24. Bxe5 Qd7 25. Nf5 Bb4
26. Bxf6 gxf6 27. Rd1 Qc6 28. Qe3 Re8 29. Qd3 Bf8 30. Kg2 b4
31. Qd7 Qe6 32. Qd3 Ra8 33. Rd2 Qe5 34. Re2 Qa1 35. Qc2 Rd8
36. Qb2 Qd1 37. Qc2 Qa1 38. Qb2 Qd1 39. Qc2 Qa1 1/2-1/2

[Event "Reykjavik Open"]
[Site "Reykjavik ISL"]
[Date "2017.04.20"]
[EventDate "2017.04.19"]
[Round "2.72"]
[Result "0-1"]
[White "Sigurlaug Regina Fridthjofsdottir"]
[Black "Bjorn Saren"]
[WhiteElo "1750"]
[BlackElo "2067"]
[PlyCount "136"]

1. e4 g6 2. d4 Bg7 3. Nc3 d6 4. f4 Nf6 5. Nf3 O-O 6. Bd3 Nbd7
7. O-O e5 8. fxe5 dxe5 9. d5 c6 10. dxc6 bxc6 11. Be3 Ng4
12. Qe1 Nxe3 13. Qxe3 Qb6 14. Qxb6 Nxb6 15. Rad1 Be6 16. b3 f6
17. a4 a5 18. h3 Rf7 19. Be2 Bf8 20. g4 Bb4 21. Rd3 Rd7
22. Rxd7 Nxd7 23. Na2 Be7 24. Nc3 Rd8 25. Rd1 Nb6 26. Rxd8+
Bxd8 27. Kg2 Nd7 28. Nd2 Nb6 29. Ba6 Bc8 30. Bxc8 Nxc8 31. Nc4
Bc7 32. Kf3 Kf7 33. Ke3 Ke6 34. Kd3 Ne7 35. Ne2 f5 36. gxf5+
gxf5 37. exf5+ Kxf5 38. Ne3+ Ke6 39. Ke4 Nd5 40. Nc4 Nf6+
41. Kd3 Kf5 42. Ne3+ Kg5 43. Ng2 Bb6 44. Ng3 Nd5 45. Ne4+ Kf5
46. Nd6+ Ke6 47. Nc4 Bc7 48. c3 Kf5 49. Nh4+ Kf4 50. Nd2 Kg3
51. Nf5+ Kxh3 52. Ne4 Kg4 53. Nh6+ Kf4 54. Nc5 Kg5 55. Ng8 Kg6
56. Ne6 Bd6 57. Nd8 Kg7 58. Nh6 Ne7 59. Ng4 h5 60. Nf2 h4
61. Nb7 Bc7 62. Nc5 Kg6 63. Ke4 Nd5 64. c4 Nf6+ 65. Kf3 Kf5
66. Na6 Bb6 67. c5 Ba7 68. Nb8 Bxb8 0-1

[Event "Reykjavik Open"]
[Site "Reykjavik ISL"]
[Date "2017.04.20"]
[EventDate "2017.04.19"]
[Round "2.75"]
[Result "1/2-1/2"]
[White "Einar S Gudmundsson"]
[Black "Elena Cherednichenko"]
[WhiteElo "1739"]
[BlackElo "2053"]
[PlyCount "73"]

1. d4 d5 2. Nf3 Nf6 3. c4 e6 4. Nc3 Be7 5. Bg5 h6 6. Bh4 O-O
7. e3 Ne4 8. Bxe7 Qxe7 9. Bd3 Nxc3 10. bxc3 Nd7 11. cxd5 exd5
12. Qc2 c5 13. O-O b6 14. Rfe1 Bb7 15. a4 Qd6 16. Bf5 g6
17. Bxd7 Qxd7 18. Ne5 Qd6 19. Qd2 Kg7 20. f4 Bc8 21. a5 Bf5
22. c4 f6 23. Nf3 dxc4 24. e4 Bg4 25. d5 Bxf3 26. gxf3 c3
27. Qxc3 Qxf4 28. Kg2 Rad8 29. Reb1 Qc7 30. axb6 axb6 31. Ra6
Rd6 32. Qb2 Rb8 33. Qb5 g5 34. Rba1 Rd7 35. Rb1 Rd6 36. Rba1
Rd7 37. Rb1 1/2-1/2

[Event "Reykjavik Open"]
[Site "Reykjavik ISL"]
[Date "2017.04.20"]
[EventDate "2017.04.19"]
[Round "2.76"]
[Result "1-0"]
[White "Hrannar Arnarsson"]
[Black "Fridgeir K Holm"]
[WhiteElo "2046"]
[BlackElo "1726"]
[PlyCount "97"]

1. e4 e5 2. Nf3 Nc6 3. d4 exd4 4. Bc4 Bc5 5. Ng5 Ne5 6. Nxf7
Nxf7 7. Bxf7+ Kxf7 8. Qh5+ g6 9. Qxc5 Qe7 10. Qxd4 Nf6 11. f3
Re8 12. O-O d6 13. Nc3 Qe5 14. Be3 Qxd4 15. Bxd4 c6 16. Rad1
Re6 17. Rd2 Bd7 18. Rfd1 Ne8 19. Bf2 b5 20. Bg3 Ke7 21. e5 d5
22. Ne4 Kf8 23. Nc5 Bc8 24. Nxe6+ Bxe6 25. Bf2 h5 26. h3 Ng7
27. g4 Kf7 28. Rd4 g5 29. Be3 Kg6 30. Kf2 c5 31. Rxd5 Bxd5
32. Rxd5 Ne6 33. Bxc5 hxg4 34. hxg4 a5 35. Rd6 Kf7 36. Rd7+
Kg6 37. Be3 Rc8 38. c3 b4 39. cxb4 axb4 40. Rd2 Ra8 41. b3 Ra5
42. Bd4 Nf4 43. Ke3 Kf7 44. Ke4 Ke6 45. Rh2 Nd5 46. Rh6+ Ke7
47. Rc6 Nc3+ 48. Bxc3 bxc3 49. a4 1-0

[Event "Reykjavik Open"]
[Site "Reykjavik ISL"]
[Date "2017.04.20"]
[EventDate "2017.04.19"]
[Round "2.78"]
[Result "1-0"]
[White "Timothy David Harding"]
[Black "Olafur Gudmarsson"]
[WhiteElo "2017"]
[BlackElo "1721"]
[PlyCount "131"]

1. d4 e6 2. e4 c5 3. d5 exd5 4. exd5 d6 5. Nc3 Nf6 6. Bf4 a6
7. a4 b6 8. Nf3 g6 9. Qd2 Bg7 10. Be2 O-O 11. Bh6 Re8 12. Bxg7
Kxg7 13. O-O Nbd7 14. Qf4 Ne5 15. Nd2 Bb7 16. Bc4 Nh5 17. Qe4
f5 18. Qe2 Nf4 19. Qd1 Qf6 20. g3 Nh3+ 21. Kg2 Ng5 22. f4 Nxc4
23. Nxc4 Ne4 24. Nxb6 Rad8 25. Ra3 Re7 26. a5 Nxc3 27. Rxc3
Re4 28. Re1 Rde8 29. Rxe4 Rxe4 30. Rb3 Qe7 31. Qd3 Qf7 32. c4
Kg8 33. h4 Rd4 34. Qe2 Re4 35. Qd3 Qe7 36. Kf2 h6 37. Qd2 Kf7
38. Re3 h5 39. Qc3 Rxe3 40. Qxe3 Qf6 41. Nd7 Qe7 42. Qxe7+
Kxe7 43. Nb6 Kd8 44. Ke3 Kc7 45. Kd3 Bc8 46. Kc3 Bd7 47. b4
Be8 48. Kb3 cxb4 49. Kxb4 Bf7 50. Na4 Kb8 51. Nc3 Kc7 52. Ne2
Kc8 53. Nd4 Kd7 54. Nf3 Kc8 55. Kc3 Kd7 56. Kd4 Kc7 57. c5 Be8
58. cxd6+ Kxd6 59. Ne5 Ba4 60. Nc4+ Ke7 61. Kc5 Bb5 62. Ne5
Be8 63. Nc6+ Kf6 64. Kb6 Bf7 65. Nb4 Ke7 66. Kc5 1-0

[Event "Reykjavik Open"]
[Site "Reykjavik ISL"]
[Date "2017.04.20"]
[EventDate "2017.04.19"]
[Round "2.79"]
[Result "1/2-1/2"]
[White "Daniel Marhoefer"]
[Black "Matthew Peat"]
[WhiteElo "1714"]
[BlackElo "2014"]
[PlyCount "127"]

1. e4 c5 2. Nc3 Nc6 3. f4 g6 4. Nf3 Bg7 5. Bc4 e6 6. d3 Nge7
7. O-O d5 8. Bb3 O-O 9. Qe1 Nd4 10. Nxd4 cxd4 11. Ne2 dxe4
12. dxe4 a5 13. Bc4 Bd7 14. c3 b5 15. Bd3 Bc6 16. Qg3 dxc3
17. Nxc3 b4 18. Ne2 Qd7 19. f5 exf5 20. exf5 Rad8 21. Bc2 Qd6
22. Qxd6 Rxd6 23. fxg6 hxg6 24. Rb1 Bb5 25. Re1 Rc8 26. Bd1
Bd3 27. Ra1 Nf5 28. Nf4 Bc2 29. Bg4 Bd4+ 30. Kf1 a4 31. Bd1
Bxd1 32. Rxd1 Rc2 33. Nd3 Nh4 34. Bg5 Nxg2 35. Rac1 b3
36. axb3 axb3 37. Rxc2 bxc2 38. Rc1 Ne3+ 39. Ke2 Re6 40. Kd2
Nc4+ 41. Kxc2 Re2+ 42. Kb3 Nxb2 43. Nxb2 Rxb2+ 44. Kc4 Be5
45. h3 f6 46. Rg1 Kf7 47. Bh4 Rh2 48. Bg3 Rxh3 49. Bxe5 fxe5
50. Kd5 Rh5 51. Rf1+ Kg7 52. Ke4 Kh6 53. Rf2 Kg7 54. Rf1 Rh4+
55. Kxe5 Ra4 56. Rh1 g5 57. Kf5 Ra5+ 58. Kg4 Kg6 59. Rb1 Ra4+
60. Kg3 Kh5 61. Rh1+ Kg6 62. Rb1 Kf6 63. Rb5 Kg6 64. Rb1
1/2-1/2

[Event "Reykjavik Open"]
[Site "Reykjavik ISL"]
[Date "2017.04.20"]
[EventDate "2017.04.19"]
[Round "2.82"]
[Result "1-0"]
[White "Gunnar Runarsson"]
[Black "Ingvar Egill Vignisson"]
[WhiteElo "2006"]
[BlackElo "1693"]
[PlyCount "117"]

1. Nf3 Nf6 2. c4 e6 3. Nc3 d5 4. d4 c6 5. e3 Nbd7 6. Bd3 dxc4
7. Bxc4 b5 8. Bd3 a6 9. O-O Bb7 10. e4 c5 11. e5 cxd4 12. Nxb5
axb5 13. exf6 Qxf6 14. Ng5 Bd6 15. Bxb5 Bxh2+ 16. Kh1 Qh6
17. Nxf7 Qh3 18. f3 Qh5 19. f4 Qh4 20. Bxd7+ Kxf7 21. Bxe6+
Kxe6 22. Qe1+ Qxe1 23. Rxe1+ Kd5 24. Kxh2 Rhe8 25. Bd2 Rxe1
26. Bxe1 Kc4 27. Rc1+ Kd3 28. Rc7 Be4 29. a3 Ke2 30. Re7 Ke3
31. Kg3 Rd8 32. a4 Kd3 33. a5 Bd5 34. a6 Kc2 35. b4 d3 36. b5
Rb8 37. Rc7+ Kd1 38. Rc5 Be4 39. Bc3 g6 40. a7 Rd8 41. Ba5 Rf8
42. Re5 Ba8 43. b6 Rd8 44. Re7 Rd5 45. Re8 Bb7 46. Rb8 Bc6
47. a8=Q Bxa8 48. Rxa8 Rb5 49. Kf3 d2 50. Bxd2 Kxd2 51. Rb8
Ke1 52. g4 Rb3+ 53. Ke4 Rb4+ 54. Ke5 Kf2 55. f5 gxf5 56. gxf5
Kf3 57. f6 h5 58. f7 Re4+ 59. Kd5 1-0

[Event "Reykjavik Open"]
[Site "Reykjavik ISL"]
[Date "2017.04.20"]
[EventDate "2017.04.19"]
[Round "2.84"]
[Result "1-0"]
[White "Smari Olafsson"]
[Black "Oskar Long Einarsson"]
[WhiteElo "1998"]
[BlackElo "1681"]
[PlyCount "149"]

1. e4 e6 2. d4 d5 3. exd5 exd5 4. Bd3 Nf6 5. Nf3 Nc6 6. O-O
Be7 7. c3 O-O 8. Bg5 h6 9. Bh4 Be6 10. Nbd2 Ng4 11. Bxe7 Qxe7
12. Re1 Qd7 13. h3 Nf6 14. Ne5 Qd6 15. f4 Ne7 16. Qc2 c5
17. f5 Bc8 18. dxc5 Qxc5+ 19. Kh1 Nc6 20. Ndf3 Qd6 21. Qf2
Nxe5 22. Rxe5 Nd7 23. Re2 Nc5 24. Bc2 Ne4 25. Bxe4 dxe4
26. Nd4 Re8 27. Rae1 Qd5 28. f6 g6 29. Qf4 g5 30. Qg3 b6
31. h4 Bb7 32. hxg5 Qxg5 33. Qxg5+ hxg5 34. Nf5 Re6 35. Ne7+
Kf8 36. Rf2 Rxe7 37. fxe7+ Kxe7 38. Rf5 f6 39. Kg1 Ke6
40. Ref1 Rf8 41. Rxg5 Rf7 42. Rg8 f5 43. g3 Ba6 44. Re1 Rd7
45. g4 Bd3 46. gxf5+ Kxf5 47. Kf2 Rf7 48. Reg1 Ke5+ 49. Ke1
Rf6 50. R8g3 Bb1 51. Rg5+ Kd6 52. Rg6 Rxg6 53. Rxg6+ Kc5
54. Re6 Kd5 55. Re7 a5 56. Rb7 Kc6 57. Re7 Kd6 58. Re8 Kd7
59. Ra8 Bxa2 60. b4 Bd5 61. Ra7+ Kc6 62. bxa5 bxa5 63. Rxa5
Bc4 64. Kd2 Bb5 65. Ke3 Kb6 66. Ra1 Bc6 67. Kd4 Bb7 68. Rb1+
Kc7 69. Kc5 Ba8 70. Rg1 Kd7 71. Rg7+ Ke6 72. Ra7 Bd5 73. c4
Bxc4 74. Kxc4 Kf5 75. Kd4 1-0

[Event "Reykjavik Open"]
[Site "Reykjavik ISL"]
[Date "2017.04.20"]
[EventDate "2017.04.19"]
[Round "2.86"]
[Result "1/2-1/2"]
[White "Vit Zemlicka"]
[Black "Helgi Petur Gunnarsson"]
[WhiteElo "1984"]
[BlackElo "1669"]
[PlyCount "60"]

1. e4 d5 2. exd5 Nf6 3. d4 Nxd5 4. c4 Nb6 5. Nf3 Bg4 6. c5
N6d7 7. Qb3 Nc6 8. d5 Bxf3 9. Qxf3 Nce5 10. Qe3 c6 11. dxc6
Nxc6 12. Nc3 e6 13. Ne4 Nxc5 14. Nxc5 Qa5+ 15. Bd2 Qxc5
16. Qb3 Rb8 17. Bc3 a6 18. Be2 Qd5 19. Qxd5 exd5 20. O-O-O d4
21. Bxd4 Nxd4 22. Rxd4 Bc5 23. Re4+ Kf8 24. Bc4 Re8 25. Rxe8+
Kxe8 26. f3 f6 27. Bd5 b6 28. Be4 Kd7 29. Rd1+ Bd6 30. h4 h6
1/2-1/2